| 000 | 00482nam a22001817a 4500 | ||
|---|---|---|---|
| 999 |
_c169349 _d169349 |
||
| 005 | 20191115144609.0 | ||
| 010 | _aENG-126914 | ||
| 020 |
_c250.00 _a8180643239 |
||
| 035 | _aEN-110446 | ||
| 037 | _bDBAD/PUB | ||
| 082 | _aN | ||
| 100 | _aNishan K | ||
| 245 |
_aThe brotherhood : _cby Nishan K _bthe rising four / |
||
| 260 |
_aKolkata _bProgressive Publishers _c2019 |
||
| 270 |
_a37A, College Street _e700073 _bKolkata |
||
| 300 |
_a266p. _c21cm(Hb) |
||
| 942 |
_2ddc _cEN _hN _mNIS |
||